000
00256nam a22001097a 4500
008
170123b xxu||||| |||| 00| 0 eng d
020
_a
0130945595
041
_a
eng
080
_2
3rd
_a
618.2
245
_a
ESSENTIALS OF EMERGENCYCARE
_c
LIMMER
942
_2
udc
_c
BK
999
_c
3421
_d
3421